000 00943nam a22002057a 4500
010 _a1617CH-EN ENG-122670
020 _a9789385755453
_c299.00
035 _aB-644470-489 EN-106202
035 _aB-667528
037 _aDPL
_bDBAD/PUB.
082 _a799.277560954
100 _aCorbett, Jim
245 _aThe fortunate tiger:
_cby Jim Corbett
_band other close encounters /
260 _aNew Delhi
_bSpeaking Tiger
_c2016
270 _a4381/4, Ansari Road, Daryaganj,
_bNew Delhi
_e110002
300 _a311p.
_c19cm(pbk)
942 _2ddc
_cCH
_mCOR
_h799.277560954
999 _c100700
_d100700